| 000 | 00395nam a22001577a 4500 | ||
|---|---|---|---|
| 003 | ASAB | ||
| 005 | 20180827062707.0 | ||
| 008 | 161122t xxu||||| |||| 00| 0 eng d | ||
| 020 | _a81-8356-190-x | ||
| 040 | _cASAB | ||
| 100 |
_aM. Prakash _92239 |
||
| 245 | _afundamentals of gene evolution | ||
| 300 | _a320 P. | ||
| 440 |
_aEncyclopaedia of gene evolution _pASAB1 _92240 |
||
| 942 |
_2ddc _cBK |
||
| 999 |
_c480287 _d480287 |
||